<?xml version="1.0" encoding="UTF-8"?>
<collection xmlns="http://www.loc.gov/MARC21/slim">
 <record>
  <leader>00510pamaa2200169   4500</leader>
  <controlfield tag="001">0000032536</controlfield>
  <controlfield tag="005">20060331090000.0</controlfield>
  <datafield tag="020" ind1="0" ind2="0">
   <subfield code="a">0582226287 </subfield>
  </datafield>
  <datafield tag="082" ind1=" " ind2=" ">
   <subfield code="a">545 VOG 2000</subfield>
  </datafield>
  <datafield tag="090" ind1="0" ind2="0">
   <subfield code="a">QD101.2 </subfield>
   <subfield code="b">VOG 2000</subfield>
  </datafield>
  <datafield tag="245" ind1="1" ind2="0">
   <subfield code="a">VOGEL'S : </subfield>
   <subfield code="b">textbook of quantitative chemical analysis  </subfield>
   <subfield code="c">J.Mendham ...[et al.].</subfield>
  </datafield>
  <datafield tag="250" ind1="0" ind2="0">
   <subfield code="a">6th ed.</subfield>
  </datafield>
  <datafield tag="260" ind1="0" ind2="0">
   <subfield code="a">Essex, England: </subfield>
   <subfield code="b">Prentice Hall, </subfield>
   <subfield code="c">2000.</subfield>
  </datafield>
  <datafield tag="300" ind1=" " ind2=" ">
   <subfield code="a">xxvii, 806p.; </subfield>
   <subfield code="c">24cm.</subfield>
  </datafield>
  <datafield tag="650" ind1="0" ind2="0">
   <subfield code="a">Chemistry, analytict -- </subfield>
   <subfield code="x">Quantitative </subfield>
  </datafield>
  <datafield tag="650" ind1="0" ind2="0">
   <subfield code="a">Chemistry, inorganic </subfield>
  </datafield>
  <datafield tag="700" ind1="1" ind2="1">
   <subfield code="a">Mendham, </subfield>
   <subfield code="h">J </subfield>
  </datafield>
 </record>
</collection>
